[Event "Indonesia Open 2013"]
[Site "Jakarta INA"]
[Date "2013.10.12"]
[Round "4.37"]
[White "Bilguun, Sumiya"]
[Black "Yap, Kim Steven"]
[Result "1-0"]
[WhiteTitle "FM"]
[BlackTitle "IM"]
[WhiteElo "2284"]
[BlackElo "2417"]
[WhiteFideId "4901541"]
[BlackFideId "5202809"]
[EventDate "2013.10.10"]

1. e4 c5 2. Nf3 Nc6 3. d4 cxd4 4. Nxd4 Nf6 5. Nc3 e5 6. Ndb5 d6 7. Bg5 a6 8. Na3
b5 9. Nd5 Be7 10. Bxf6 Bxf6 11. c4 b4 12. Nc2 O-O 13. g3 a5 14. Bg2 Bg5 15. O-O
Ne7 16. Nce3 Be6 17. b3 Nxd5 18. Nxd5 Rc8 19. Qd3 Rc5 20. Ne3 Qb8 21. Rad1 Rc6
22. f4 Bd8 23. f5 Bd7 24. Kh1 f6 25. Rd2 Kh8 26. Qe2 Be8 27. Bf3 Qa7 28. Rfd1
Bb6 29. Ng2 Bc5 30. Bh5 Bd7 31. Rd3 Ra6 32. Bg6 Bc6 33. Bh5 a4 34. Bf3 axb3 35.
axb3 Ra2 36. R3d2 Ra3 37. Rd3 Ra8 38. h4 Ra1 39. Kh2 Qb7 40. g4 Bd4 41. R3d2
Rxd1 42. Rxd1 Ra3 43. Qd3 h6 44. Nf4 Ra2+ 45. Kh3 Bd7 46. Ne2 Bc5 47. g5 fxg5
48. hxg5 Bc6 49. Ng3 Qe7 50. gxh6 gxh6 51. Rd2 Ra1 52. Rd1 Rxd1 53. Bxd1 Qg5 54.
Qf3 Qf4 55. Qg4 Bf2 56. Bf3 Be8 57. Qxf4 exf4 58. Ne2 Be3 59. Kg4 Kg7 60. Nxf4
Bf7 61. Nd3 Bd2 62. Kh4 Kf6 63. Bh5 Bg8 64. Be8 Ke7 65. Bc6 Bf7 66. Bd5 Be8 67.
c5 dxc5 68. e5 Be3 69. f6+ Kf8 70. Kg4 Bg6 71. e6 1-0

[Event "Indonesia Open 2013"]
[Site "Jakarta INA"]
[Date "2013.10.12"]
[Round "4.38"]
[White "Pham, Le Thao Nguyen"]
[Black "Surya, Wahyudi"]
[Result "1/2-1/2"]
[WhiteTitle "IM"]
[WhiteElo "2389"]
[BlackElo "2279"]
[WhiteFideId "12401226"]
[BlackFideId "7102542"]
[EventDate "2013.10.10"]

1. d4 Nf6 2. Bf4 e6 3. e3 d5 4. Nf3 Bd6 5. Ne5 O-O 6. Nd2 c5 7. c3 Nc6 8. Bg3
Ne8 9. Bd3 f5 10. Ndf3 Nf6 11. Nxc6 bxc6 12. Bxd6 Qxd6 13. O-O a5 14. c4 Nd7 15.
Qc2 Ba6 16. Rfd1 Rab8 17. Rac1 Rfc8 18. h3 h6 19. Rd2 cxd4 20. c5 Bxd3 21. Rxd3
Qe7 22. exd4 e5 23. Nxe5 Nxe5 24. Re3 Qb7 25. Rxe5 Qxb2 26. Qd1 Rb4 27. Qe1 Qxd4
28. Rxf5 Qe4 29. Qxe4 Rxe4 30. Rc2 Re1+ 31. Kh2 Rf8 32. Rh5 Rfe8 33. Rh4 R8e4
34. Rxe4 Rxe4 35. Kg3 Kf7 36. f3 Ra4 37. h4 Kf6 38. h5 Kg5 39. Re2 Rc4 40. Re6
Rxc5 41. Rg6+ Kf5 42. Rxg7 d4 43. Rg6 d3 44. Rd6 Kg5 1/2-1/2

[Event "Indonesia Open 2013"]
[Site "Jakarta INA"]
[Date "2013.10.12"]
[Round "4.40"]
[White "Sutarno"]
[Black "Zozulia, Anna"]
[Result "1/2-1/2"]
[BlackTitle "IM"]
[WhiteElo "2251"]
[BlackElo "2330"]
[WhiteFideId "7101139"]
[BlackFideId "14102110"]
[EventDate "2013.10.10"]

1. d4 Nf6 2. Nf3 g6 3. Bf4 Bg7 4. e3 O-O 5. h3 c5 6. c3 d6 7. Bc4 Nc6 8. O-O Qb6
9. Qb3 Na5 10. Qxb6 axb6 11. Na3 Nxc4 12. Nxc4 Be6 13. Nxb6 Ra6 14. dxc5 dxc5
15. Bc7 Ne8 16. Bd8 Nd6 17. Bxe7 Rxb6 18. Rfd1 Ne4 19. Bxf8 Bxf8 20. Nd2 Nd6 21.
b3 Bg7 22. Rac1 Ra6 23. a4 Rb6 24. g4 h5 25. f3 Kf8 26. Kf2 Ke7 27. c4 Rc6 28.
Nb1 Rb6 29. Rd3 hxg4 30. hxg4 f5 31. gxf5 Bxf5 32. e4 Be6 33. Rh1 Kf8 34. Na3
Rc6 35. Nb5 Nxb5 36. axb5 Rc7 37. Ke3 g5 38. Rh5 Bf7 39. Rxg5 Bh6 40. Kf4 Ke7
41. Kg4 Be6+ 42. Kh5 Rc8 43. Rxc5 Rxc5+ 44. Kxh6 Kf6 45. f4 Rc8 46. e5+ Kf5 47.
Rd6 Rg8 48. Kh7 Rg3 49. c5 Rxb3 50. Rb6 Rc3 51. c6 bxc6 52. Rxc6 Rxc6 53. bxc6
Kxf4 1/2-1/2

[Event "Indonesia Open 2013"]
[Site "Jakarta INA"]
[Date "2013.10.12"]
[Round "4.41"]
[White "Tirto"]
[Black "Sinurat, Tumpak"]
[Result "1-0"]
[WhiteTitle "IM"]
[WhiteElo "2328"]
[BlackElo "2249"]
[WhiteFideId "7101058"]
[BlackFideId "7104138"]
[EventDate "2013.10.10"]

1. e4 e5 2. Nf3 Nf6 3. Nxe5 d6 4. Nf3 Nxe4 5. Nc3 Nf6 6. d4 Be7 7. Bd3 O-O 8. h3
Re8 9. O-O Nbd7 10. Re1 b6 11. Ne2 Bb7 12. Ng3 g6 13. c4 c5 14. d5 b5 15. b3 Qb6
16. a4 bxc4 17. bxc4 Bf8 18. a5 Qc7 19. Be3 Bg7 20. Ra3 Nb8 21. Qd2 Na6 22. Bh6
Rxe1+ 23. Nxe1 Bh8 24. Nc2 Re8 25. f4 Bc8 26. f5 Nd7 27. Ne4 Be5 28. Bf4 Kg7 29.
Bf1 Nb4 30. Rf3 f6 31. Ne3 Bxf4 32. Rxf4 g5 33. Rg4 Ne5 34. Rg3 Nxc4 35. Nxf6
Kxf6 36. Ng4+ Kf7 37. Qxg5 Rf8 38. Bxc4 Nc2 39. Nf6 1-0

[Event "Indonesia Open 2013"]
[Site "Jakarta INA"]
[Date "2013.10.12"]
[Round "4.43"]
[White "Margana, Adhy"]
[Black "Medina, Warda Aulia"]
[Result "0-1"]
[BlackTitle "WIM"]
[WhiteElo "2203"]
[BlackElo "2319"]
[WhiteFideId "7101376"]
[BlackFideId "7101570"]
[EventDate "2013.10.10"]

1. d4 Nf6 2. Nf3 e6 3. g3 d5 4. Bg2 Be7 5. O-O O-O 6. c4 dxc4 7. Qc2 b5 8. a4 b4
9. Ne5 Qxd4 10. Bxa8 Qxe5 11. Bf4 Qh5 12. Bf3 Ng4 13. Bxg4 Qxg4 14. f3 Qh5 15.
Qxc4 Ba6 16. Qe4 Nd7 17. Kg2 Nc5 18. Qe3 Bf6 19. Bxc7 Rc8 20. Bd6 Qd5 21. Bxc5
Rxc5 22. Rc1 Rxc1 23. Qxc1 Bxe2 24. Nd2 h6 25. Ne4 Be5 26. Qe3 Bc4 27. Qxa7 Bxb2
28. Qb8+ Kh7 29. Rb1 Qd3 30. Qxb4 Qxb1 31. Qxc4 Be5 32. a5 Qb2+ 33. Kh3 Bd4 34.
Qd3 g6 35. a6 Kg7 36. Qd2 Qb6 37. Qa2 g5 38. Qc4 Qb2 39. Qd3 Qb6 40. Qa3 Qb5 41.
Nd2 h5 42. a7 g4+ 43. fxg4 hxg4+ 0-1

[Event "Indonesia Open 2013"]
[Site "Jakarta INA"]
[Date "2013.10.12"]
[Round "4.44"]
[White "Bancod, Ronald"]
[Black "Fauzan, M"]
[Result "0-1"]
[WhiteTitle "IM"]
[WhiteElo "2306"]
[BlackElo "2221"]
[WhiteFideId "5200938"]
[BlackFideId "7105142"]
[EventDate "2013.10.10"]

1. e4 c5 2. Nf3 e6 3. Qe2 Nc6 4. g3 g6 5. Bg2 Bg7 6. O-O d6 7. c3 Nge7 8. Na3
O-O 9. Rb1 h6 10. b4 e5 11. b5 Nb8 12. d4 cxd4 13. cxd4 exd4 14. Rd1 Bg4 15. Nc2
d5 16. h3 Bxf3 17. Qxf3 Nd7 18. exd5 Nf5 19. Ne1 Re8 20. Nd3 Rc8 21. Bd2 Nd6 22.
Re1 Nc4 23. Bb4 Nde5 24. Nxe5 Nxe5 25. Qa3 Qd7 26. f4 Nc4 27. Qb3 Ne3 28. Bd2
Nxg2 29. Kxg2 Rxe1 30. Rxe1 Rd8 31. a4 Bf6 32. g4 Qxd5+ 33. Qxd5 Rxd5 34. Re8+
Kg7 35. Ra8 Rc5 36. Kf3 Rc2 37. Ke2 a6 38. bxa6 bxa6 39. Rxa6 Ra2 40. Kd3 Ra3+
41. Ke4 Ra2 42. g5 Bxg5 43. fxg5 Rxd2 44. gxh6+ Kxh6 45. Rf6 Kg7 46. Rf3 Ra2 47.
Kxd4 Rxa4+ 48. Ke5 f6+ 49. Ke6 Re4+ 50. Kd5 f5 51. Kd6 Kf6 52. Kd5 Ra4 53. Rb3
f4 54. Rb8 Kg5 55. Ke5 Kh4 0-1

[Event "Indonesia Open 2013"]
[Site "Jakarta INA"]
[Date "2013.10.12"]
[Round "4.45"]
[White "Panggabean, Hasian"]
[Black "Smirnov, Anton"]
[Result "0-1"]
[BlackTitle "FM"]
[WhiteElo "2190"]
[BlackElo "2306"]
[WhiteFideId "7101023"]
[BlackFideId "3208923"]
[EventDate "2013.10.10"]

1. d4 d5 2. Nf3 Nf6 3. c4 c6 4. e3 Bg4 5. Nc3 e6 6. h3 Bh5 7. Be2 Nbd7 8. Nd2
Bg6 9. O-O Bd6 10. Re1 O-O 11. Bf3 Bc7 12. a3 Re8 13. b3 Nf8 14. Bb2 Qd6 15. Nf1
Rad8 16. Rc1 h6 17. e4 dxe4 18. Nxe4 Bxe4 19. Bxe4 e5 20. d5 cxd5 21. cxd5 Bb6
22. Rc4 Nxe4 23. Rcxe4 f6 24. Ne3 Bxe3 25. R4xe3 Qxd5 26. Qg4 Ne6 27. g3 Kh8 28.
Bxe5 Ng5 29. Bc3 Rxe3 30. Rxe3 Qxb3 31. h4 Rd1+ 32. Kh2 Qd5 0-1

[Event "Indonesia Open 2013"]
[Site "Jakarta INA"]
[Date "2013.10.12"]
[Round "4.46"]
[White "Milliet, Sophie"]
[Black "Firdaus, Maksum"]
[Result "1-0"]
[WhiteTitle "IM"]
[BlackTitle "FM"]
[WhiteElo "2399"]
[BlackElo "2257"]
[WhiteFideId "623725"]
[BlackFideId "7100833"]
[EventDate "2013.10.10"]

1. e4 c5 2. Nf3 a6 3. c3 e6 4. d4 d5 5. e5 Nc6 6. Bd3 Qb6 7. O-O Bd7 8. dxc5
Bxc5 9. b4 Be7 10. Na3 h5 11. Rb1 Qc7 12. Qe2 b5 13. Nc2 g5 14. Re1 g4 15. Nfd4
Nxd4 16. cxd4 Nh6 17. Bf4 Qa7 18. Qd2 Nf5 19. Bxf5 exf5 20. Bg5 Be6 21. Bf6 Rg8
22. Na1 h4 23. Nb3 g3 24. hxg3 hxg3 25. fxg3 Bf8 26. Rbc1 Rxg3 27. Nc5 Bxc5 28.
Rxc5 Kd7 29. Rec1 Rag8 30. Qc2 Rxg2+ 31. Qxg2 Rxg2+ 32. Kxg2 Qb7 33. Rh1 f4 34.
Kf3 Bf5 35. Rh8 Qb6 36. Rd8+ Ke6 37. Re8+ Kd7 38. Re7+ Kd8 39. Rb7+ 1-0

[Event "Indonesia Open 2013"]
[Site "Jakarta INA"]
[Date "2013.10.12"]
[Round "4.48"]
[White "Muhammad, Luthfi Ali"]
[Black "Mahmud, Syarif"]
[Result "1-0"]
[WhiteTitle "CM"]
[BlackTitle "FM"]
[WhiteElo "2338"]
[BlackElo "2252"]
[WhiteFideId "7103743"]
[BlackFideId "7100108"]
[EventDate "2013.10.10"]

1. e4 e5 2. Nf3 Nc6 3. Bb5 a6 4. Ba4 Nf6 5. O-O Be7 6. Re1 b5 7. Bb3 d6 8. c3
O-O 9. h3 Nb8 10. d4 Nbd7 11. Nbd2 Bb7 12. Bc2 c5 13. d5 c4 14. Nf1 Nc5 15. Ng3
a5 16. Be3 Qc7 17. Nf5 Bd8 18. Nd2 Ba6 19. b4 Nd3 20. Bxd3 cxd3 21. Qb1 Bc8 22.
Qxd3 Bxf5 23. exf5 Qb7 24. Ne4 Nxd5 25. Nxd6 Qc6 26. Bc5 axb4 27. cxb4 Bf6 28.
Qxb5 Qxb5 29. Nxb5 Rfb8 30. a4 e4 31. Rad1 Rxa4 32. Rxd5 Rxb5 33. Rxe4 h5 34. g3
Kh7 35. Rc4 Be7 36. f6 Bxf6 37. Rxh5+ Kg6 38. Rd5 Be7 39. Rdd4 1-0

[Event "Indonesia Open 2013"]
[Site "Jakarta INA"]
[Date "2013.10.12"]
[Round "4.49"]
[White "Khairul, Anam"]
[Black "Bachtiar, Ahmad Ina"]
[Result "1/2-1/2"]
[WhiteTitle "FM"]
[WhiteElo "2301"]
[BlackElo "2219"]
[WhiteFideId "7102429"]
[BlackFideId "7102682"]
[EventDate "2013.10.10"]

1. d4 d5 2. c4 e6 3. Nc3 Nf6 4. Nf3 c6 5. cxd5 exd5 6. Bg5 Nbd7 7. e3 Qb6 8. Qc2
Bd6 9. Bd3 h6 10. Bh4 O-O 11. O-O Re8 12. Bg3 Bf8 13. h3 Be7 14. Na4 Qa5 15. Nc3
Qb6 16. Na4 Qa5 17. Nc3 Qb6 18. Na4 Qa5 19. Nc3 Nb6 1/2-1/2

[Event "Indonesia Open 2013"]
[Site "Jakarta INA"]
[Date "2013.10.12"]
[Round "4.50"]
[White "Capitelli, Paolo"]
[Black "Sihite, Chelsie Monica"]
[Result "0-1"]
[BlackTitle "WIM"]
[WhiteElo "2089"]
[BlackElo "2267"]
[WhiteFideId "809330"]
[BlackFideId "7101198"]
[EventDate "2013.10.10"]

1. e4 e5 2. Nf3 Nc6 3. Bc4 Bc5 4. d3 Nf6 5. Nc3 a6 6. Be3 Be7 7. Nd5 d6 8. Nxe7
Qxe7 9. c3 h6 10. h3 O-O 11. Bb3 Be6 12. Bc2 d5 13. Qe2 b5 14. b3 b4 15. c4 d4
16. Bd2 a5 17. Nh2 Nd7 18. g4 Nc5 19. O-O g5 20. Rfb1 Rfb8 21. Nf1 Bd7 22. Ng3
Ne6 23. Nf5 Qf6 24. Qf3 Nf4 25. Rc1 Re8 26. Kh2 Ra6 27. Kg3 Kh7 28. Rh1 Ne7 29.
Bxf4 exf4+ 30. Kg2 Ng6 31. Kf1 Ne5 32. Qg2 Rg8 33. Ke1 Bxf5 34. exf5 Qc6 35.
Qxc6 Rxc6 36. a3 bxa3 37. Rxa3 Rc5 38. Kd2 Nf3+ 39. Ke2 Nh4 40. Rha1 Re8+ 41.
Kf1 Rce5 42. Rxa5 Re2 43. R5a2 Nf3 44. b4 Rd2 45. Ba4 Rxa2 46. Rxa2 Re1+ 47. Kg2
Ne5 48. Be8 Kg7 49. Rd2 f3+ 50. Kg3 h5 51. gxh5 Kh6 52. Ba4 Rg1+ 53. Kh2 Rg2+
54. Kh1 g4 55. Bd1 g3 56. Bxf3 Rh2+ 0-1

[Event "Indonesia Open 2013"]
[Site "Jakarta INA"]
[Date "2013.10.12"]
[Round "4.51"]
[White "Sonjaya, Deni"]
[Black "Tamin, Upi Darmayana"]
[Result "0-1"]
[WhiteTitle "FM"]
[BlackTitle "WIM"]
[WhiteElo "2265"]
[BlackElo "2151"]
[WhiteFideId "7101465"]
[BlackFideId "7100353"]
[EventDate "2013.10.10"]

1. e4 c5 2. Nc3 Nc6 3. f4 g6 4. Nf3 Bg7 5. Bc4 e6 6. d3 Nge7 7. O-O O-O 8. Qe1
a6 9. f5 d5 10. Bb3 dxe4 11. f6 Bxf6 12. Nxe4 Bg7 13. Bg5 f6 14. Bf4 b6 15. Nd6
Nd5 16. Bg3 Na5 17. Nxc8 Qxc8 18. Ba4 e5 19. a3 Kh8 20. b4 Nb7 21. Bb3 Ne7 22.
c3 Qc6 23. d4 e4 24. d5 Nxd5 25. Qxe4 Nxb4 26. Qg4 Nd3 27. Rad1 Rad8 28. Qh4 g5
29. Qg4 Nb2 30. Rde1 c4 31. Bc2 Nd3 32. Re6 Qc5+ 33. Kh1 Rde8 34. Rxe8 Rxe8 35.
h4 f5 36. Qh5 Qc6 37. Nxg5 Qg6 38. Qf3 Nbc5 39. Qd5 h6 40. Qf7 Qxf7 41. Nxf7+
Kg8 42. Rxf5 Re2 43. Bd1 Rd2 44. Bf3 Bxc3 45. Bd5 Kg7 46. Nd6 Rd1+ 47. Kh2 Bd4
48. h5 c3 49. Ne8+ Kh7 50. Rf7+ Kg8 51. Rf3+ Kh7 52. Rf7+ Kg8 53. Rf5+ Kh7 54.
Rf8 Bg1+ 55. Kh3 Nf2+ 56. Bxf2 Rxd5 57. Nf6+ Kg7 58. Nxd5 c2 59. Bxg1 c1=Q 0-1

[Event "Indonesia Open 2013"]
[Site "Jakarta INA"]
[Date "2013.10.12"]
[Round "4.52"]
[White "Purba, Cornelis"]
[Black "Suradiradja, Herman"]
[Result "1-0"]
[BlackTitle "GM"]
[WhiteElo "2193"]
[BlackElo "2215"]
[WhiteFideId "7101740"]
[BlackFideId "7100167"]
[EventDate "2013.10.10"]

1. e4 c5 2. Nf3 a6 3. d4 cxd4 4. Nxd4 Nf6 5. Bd3 e5 6. Nb3 d5 7. exd5 Qxd5 8.
O-O Be7 9. Nc3 Qd8 10. Qe2 Nc6 11. Bg5 O-O 12. Rad1 Qe8 13. Bh4 Bg4 14. f3 Be6
15. Bf2 Nd7 16. Bc4 Bxc4 17. Qxc4 Rc8 18. Nd5 Bd8 19. Rfe1 Kh8 20. Qd3 f6 21. c3
Rf7 22. Nd2 Qf8 23. Qf5 Bc7 24. Ne4 Bb8 25. b4 Qe8 26. c4 Qf8 27. c5 Rd8 28. Rd2
g6 29. Qh3 Nd4 30. Bxd4 exd4 31. Rxd4 Ne5 32. Red1 Nc6 33. R4d2 Kg7 34. a3 h6
35. f4 Qe8 36. Qf3 Qe6 37. g3 Qf5 38. Ne3 Qc8 39. Rxd8 Nxd8 40. Nc4 Qe6 41. Rxd8
Qxc4 42. Rxb8 Re7 43. Nc3 Qe6 44. Kf1 Qc4+ 45. Kg2 1-0

[Event "Indonesia Open 2013"]
[Site "Jakarta INA"]
[Date "2013.10.12"]
[Round "4.53"]
[White "Sucipto, Haryadi"]
[Black "Brokko, Margit"]
[Result "1-0"]
[BlackTitle "WFM"]
[WhiteElo "2219"]
[BlackElo "2073"]
[WhiteFideId "7100779"]
[BlackFideId "4501098"]
[EventDate "2013.10.10"]

1. e4 d6 2. d4 Nf6 3. Nc3 g6 4. f4 Bg7 5. Nf3 O-O 6. e5 Nfd7 7. Ne4 d5 8. Ng3 e6
9. h4 c5 10. c3 Nc6 11. h5 Qb6 12. hxg6 hxg6 13. Ne2 a5 14. g4 Re8 15. Qd3 Nf8
16. g5 Bd7 17. Nh2 cxd4 18. Ng4 Nh7 19. Nf6+ Nxf6 20. gxf6 Bxf6 21. exf6 Qd8 22.
f5 Qxf6 23. fxg6 fxg6 24. Qh3 Qg7 25. Bh6 e5 26. Qh4 Qf7 27. Bg5 Qf5 28. Qh7+ 1-0

[Event "Indonesia Open 2013"]
[Site "Jakarta INA"]
[Date "2013.10.12"]
[Round "4.54"]
[White "Marentek, Hanny"]
[Black "Lim, Kian Hwa"]
[Result "1-0"]
[WhiteTitle "FM"]
[WhiteElo "2208"]
[BlackElo "1902"]
[WhiteFideId "7100825"]
[BlackFideId "5700744"]
[EventDate "2013.10.10"]

1. d4 d5 2. Nf3 Nf6 3. c4 e6 4. Nc3 Nbd7 5. cxd5 exd5 6. Bf4 c6 7. e3 Be7 8. Bd3
O-O 9. Rc1 Nh5 10. Bg3 Ndf6 11. Be5 Ng4 12. Nd2 g6 13. Bg3 Bg5 14. Qe2 Re8 15.
Nd1 f5 16. Be5 Nxe5 17. dxe5 Rxe5 18. Nf3 Re8 19. O-O Nf4 20. Qc2 Nxd3 21. Qxd3
Bf6 22. Nc3 Qa5 23. a3 Be6 24. Rfd1 Bf7 25. b4 Qd8 26. b5 Bg7 27. bxc6 bxc6 28.
Na4 Qa5 29. Qc2 Rac8 30. Nd4 Bxd4 31. exd4 Re7 32. Qc5 Qc7 33. g3 g5 34. Qc3 Bh5
35. Re1 f4 36. Nc5 Rce8 37. Nd3 fxg3 38. hxg3 Rxe1+ 39. Rxe1 Rf8 40. Ne5 Be8 41.
Rc1 Rf6 42. Qe3 Qg7 43. Nf3 Bd7 44. Nxg5 h6 45. Nf3 Bf5 46. Ne5 Be4 47. Kh2 Qf8
48. f3 Bf5 49. Rxc6 Be6 50. g4 Qe8 51. Rc7 Qb8 52. Rc2 Qb1 53. Rg2 Kh7 54. Kg3
Rf8 55. Rh2 Rf6 56. g5 Rg6 57. Nxg6 Qxg6 1-0

[Event "Indonesia Open 2013"]
[Site "Jakarta INA"]
[Date "2013.10.13"]
[Round "5.2"]
[White "Ganguly, Surya Shekhar"]
[Black "Hoang, Thanh Trang"]
[Result "1/2-1/2"]
[WhiteTitle "GM"]
[BlackTitle "GM"]
[WhiteElo "2639"]
[BlackElo "2495"]
[WhiteFideId "5002150"]
[BlackFideId "12400149"]
[EventDate "2013.10.10"]

1. d4 f5 2. g3 Nf6 3. Bg2 g6 4. Nf3 Bg7 5. O-O O-O 6. b3 Ne4 7. Bb2 d5 8. c4 c6
9. Nbd2 Be6 10. Qc2 Nd7 11. Rac1 h6 12. a3 a5 13. Rfd1 Rc8 14. Ne1 b5 15. Nd3
dxc4 16. bxc4 Nxd2 17. Qxd2 bxc4 18. Nf4 Bf7 19. d5 cxd5 20. Nxd5 Nf6 21. Bxf6
exf6 22. Qf4 Qe8 23. Nb6 Rd8 24. Rxd8 Qxd8 25. Nxc4 Qe7 26. Nd6 Bb3 27. Nb5 Rd8
28. e3 Bf8 29. Bf1 Qe4 30. Qxe4 fxe4 31. Bc4+ Bxc4 32. Rxc4 Rd1+ 33. Kg2 Re1 34.
a4 f5 35. Rc6 Kf7 36. Rc7+ Kf6 37. Rc6+ Kf7 38. Rc7+ Kf6 39. Rc6+ 1/2-1/2

[Event "Indonesia Open 2013"]
[Site "Jakarta INA"]
[Date "2013.10.13"]
[Round "5.4"]
[White "Short, Nigel D"]
[Black "Vaibhav, Suri"]
[Result "1/2-1/2"]
[WhiteTitle "GM"]
[BlackTitle "GM"]
[WhiteElo "2684"]
[BlackElo "2527"]
[WhiteFideId "400025"]
[BlackFideId "5045185"]
[EventDate "2013.10.10"]

1. d4 Nf6 2. c4 e6 3. Nc3 Bb4 4. e3 c5 5. Bd3 Nc6 6. Ne2 cxd4 7. exd4 d5 8. O-O
dxc4 9. Bxc4 O-O 10. a3 Bd6 11. h3 h6 12. Be3 Ne7 13. Qd3 Bd7 14. Rad1 Ned5 15.
Bxd5 Nxd5 16. Nxd5 exd5 17. Bf4 Be7 18. Rfe1 Re8 19. Nc3 Bc6 20. Qg3 Kh8 21. Qg4
Bf8 22. Qf5 Rxe1+ 23. Rxe1 Kg8 24. Re3 Qc8 25. Qh5 Qd7 26. Qe2 Rc8 27. h4 Qf5
28. Bg3 Qd7 29. Kh2 f6 30. Qh5 Qf7 31. Qf5 Rd8 32. f3 Qd7 33. Qxd7 Rxd7 34. Re8
Kf7 35. Rc8 h5 36. Bb8 a6 37. Kg1 g6 38. Kf2 Bh6 39. g3 Bc1 40. Nd1 Bd2 41. Bf4
Ba5 42. Nc3 Rd8 43. Rxd8 Bxd8 44. Bd6 Ke6 45. Bb8 g5 46. hxg5 fxg5 47. Be5 Be8
48. g4 hxg4 49. fxg4 a5 50. Ke3 b5 51. Ne2 Bg6 52. Nc1 Bc2 53. Kd2 Be4 54. Nd3
Bb6 55. Ke3 Bg6 1/2-1/2

[Event "Indonesia Open 2013"]
[Site "Jakarta INA"]
[Date "2013.10.13"]
[Round "5.5"]
[White "Iturrizaga, Eduardo"]
[Black "Ghaem Maghami, Ehsan"]
[Result "1/2-1/2"]
[WhiteTitle "GM"]
[BlackTitle "GM"]
[WhiteElo "2658"]
[BlackElo "2556"]
[WhiteFideId "3901211"]
[BlackFideId "12500739"]
[EventDate "2013.10.10"]

1. Nf3 c5 2. c4 Nc6 3. d4 cxd4 4. Nxd4 Nf6 5. g3 d6 6. Bg2 Bd7 7. Nc3 g6 8. b3
Bg7 9. Bb2 O-O 10. O-O Qa5 11. e3 Rfc8 12. Qe2 Rab8 13. Rac1 a6 14. Rfd1 Bg4 15.
f3 Bd7 16. a3 Qb6 17. b4 Ne5 18. Nb1 Rc7 19. Nd2 a5 20. b5 Rbc8 21. N4b3 Nxc4
22. Nxc4 Qxb5 23. Nd4 Qa6 24. Nd2 Qb6 25. Rxc7 Rxc7 26. Ba1 Qc5 27. Bb2 Qb6 28.
Rc1 Rxc1+ 29. Bxc1 Nd5 30. Nc4 Qc5 31. Nb3 Qb5 32. Qc2 a4 33. Nbd2 Qc5 34. Bb2
Nxe3 35. Nxe3 Qxe3+ 36. Kh1 Bxb2 37. Qxb2 1/2-1/2

[Event "Indonesia Open 2013"]
[Site "Jakarta INA"]
[Date "2013.10.13"]
[Round "5.6"]
[White "Sokolov, Ivan"]
[Black "Malakhatko, Vadim"]
[Result "1/2-1/2"]
[WhiteTitle "GM"]
[BlackTitle "GM"]
[WhiteElo "2636"]
[BlackElo "2519"]
[WhiteFideId "14400030"]
[BlackFideId "14104202"]
[EventDate "2013.10.10"]

1. d4 e6 2. c4 Bb4+ 3. Bd2 a5 4. Nf3 Nf6 5. Nc3 d5 6. Qc2 b6 7. Bg5 O-O 8. e3 h6
9. Bh4 Be7 10. Rd1 Ba6 11. Ne5 c6 12. cxd5 Bxf1 13. dxe6 Ba6 14. exf7+ Rxf7 15.
Nxf7 Kxf7 16. d5 cxd5 17. Bxf6 Bxf6 18. Nxd5 Ra7 19. Qb3 Kf8 20. Nf4 Qe8 21.
Ne6+ Kg8 22. Nc5+ Kh8 23. Qxb6 Ra8 24. Nxa6 Nxa6 25. O-O Nb4 26. a3 Nc6 27. Rd6
Ne5 28. Rxf6 gxf6 29. Qxf6+ Kh7 30. Rc1 Ra7 31. Qf5+ Ng6 32. g3 a4 33. Rc8 Qe5
34. Qc2 Rb7 35. Rc6 Qe8 36. h4 Kg7 37. Qc3+ Kh7 38. Qf6 Qf7 39. Qxf7+ Rxf7 40.
Rc5 Rb7 41. Ra5 Rxb2 42. h5 Nf8 43. Ra7+ Kg8 44. Rxa4 Ne6 45. Kg2 Nc5 46. Rd4
Ra2 47. g4 Rxa3 48. Kg3 Kf7 49. Rc4 Ne6 50. Rb4 Rc3 51. Rb7+ Kg8 52. Re7 Rc6 53.
f4 Kf8 54. Rd7 Nc5 55. Rd4 Rb6 56. Kf3 Kf7 57. Rd5 Rc6 58. Rd8 Kg7 59. f5 Rc7
60. Rd6 Nd7 61. Rg6+ Kh7 62. Re6 Kg7 63. Re7+ Kf6 64. Re6+ Kg7 65. e4 Nf6 66. e5
Rc3+ 67. Ke2 Nd5 68. Kd2 Rg3 69. Rg6+ Kh7 70. Rd6 Nf4 71. Rd7+ Kg8 72. e6 Kf8
73. Rf7+ Ke8 74. f6 Nxe6 75. Re7+ Kf8 76. Rxe6 Rxg4 1/2-1/2

[Event "Indonesia Open 2013"]
[Site "Jakarta INA"]
[Date "2013.10.13"]
[Round "5.7"]
[White "Laylo, Darwin"]
[Black "Vazquez Igarza, Renier"]
[Result "1/2-1/2"]
[WhiteTitle "GM"]
[BlackTitle "GM"]
[WhiteElo "2497"]
[BlackElo "2602"]
[WhiteFideId "5201330"]
[BlackFideId "3503054"]
[EventDate "2013.10.10"]

1. d4 Nf6 2. Nf3 d5 3. c4 c6 4. e3 Bf5 5. Nc3 e6 6. Nh4 Bg4 7. Qb3 b5 8. cxb5 c5
9. dxc5 Bxc5 10. Nf3 Bxf3 11. gxf3 O-O 12. Na4 Nbd7 13. Nxc5 Nxc5 14. Qa3 Rc8
15. b4 Ncd7 16. Bb2 e5 17. Bh3 Rc4 18. Rc1 Rh4 19. Bxd7 Nxd7 20. Qxa7 d4 21. Qc7
Qe7 22. a3 Qe6 23. Qc6 Qf5 24. Rd1 Nf6 25. b6 Rc8 26. Qb7 Rh6 27. Rc1 Re8 28.
Qc6 Qd3 29. Qc2 Qa6 30. Qc6 Qd3 31. Qc2 Qa6 32. Qc6 d3 1/2-1/2

[Event "Indonesia Open 2013"]
[Site "Jakarta INA"]
[Date "2013.10.13"]
[Round "5.8"]
[White "Gupta, Abhijeet"]
[Black "Gundavaa, Bayarsaikhan"]
[Result "1/2-1/2"]
[WhiteTitle "GM"]
[BlackTitle "GM"]
[WhiteElo "2593"]
[BlackElo "2500"]
[WhiteFideId "5010608"]
[BlackFideId "4901045"]
[EventDate "2013.10.10"]

1. d4 Nf6 2. c4 e6 3. Nf3 d5 4. Nc3 Bb4 5. Bg5 Nbd7 6. cxd5 exd5 7. Qc2 h6 8.
Bh4 c6 9. e3 g5 10. Bg3 Ne4 11. Nd2 Nxg3 12. hxg3 Nb6 13. a3 Bd6 14. e4 dxe4 15.
Ndxe4 Be6 16. Bd3 Qe7 17. Nxd6+ Qxd6 18. Ne4 Qe7 19. Qc5 Qxc5 20. dxc5 Nd7 21.
O-O-O Ke7 22. Rhe1 b6 23. f4 gxf4 24. gxf4 Rhg8 25. Bf1 Kf8 26. Rd6 Nxc5 27.
Nxc5 bxc5 28. Rxc6 Rg4 29. f5 Bxf5 30. Rxh6 Kg7 31. Rc6 Rc8 32. Rxc8 Bxc8 33.
Re3 Bb7 34. g3 Re4 35. Kd2 Rxe3 36. Kxe3 f5 1/2-1/2

[Event "Indonesia Open 2013"]
[Site "Jakarta INA"]
[Date "2013.10.13"]
[Round "5.9"]
[White "Cao, Sang"]
[Black "Ehlvest, Jaan"]
[Result "1/2-1/2"]
[WhiteTitle "GM"]
[BlackTitle "GM"]
[WhiteElo "2485"]
[BlackElo "2578"]
[WhiteFideId "725056"]
[BlackFideId "4500016"]
[EventDate "2013.10.10"]

1. e4 g6 2. d4 Bg7 3. Nc3 d6 4. Be3 a6 5. Qd2 Nd7 6. h4 h6 7. Nge2 Ngf6 8. f3 b5
9. a4 b4 10. Nd1 Rb8 11. Nf2 c5 12. Rd1 cxd4 13. Nxd4 Qc7 14. Nd3 Qb7 15. Nb3 h5
16. Be2 O-O 17. O-O Re8 18. Bf2 Nf8 19. e5 dxe5 20. Nbc5 Qd5 21. Qe1 Qa8 22.
Nxb4 e4 23. Nbxa6 Bxa6 24. Nxa6 exf3 25. gxf3 Rxb2 26. Nc7 Qxa4 27. Nxe8 Nxe8
28. Bd3 Bf6 29. Qe4 Rb4 30. c4 Ne6 31. Rb1 Nd6 32. Rxb4 Qxb4 33. Qe1 Qa3 34. Qd2
Nd4 35. Bxd4 Bxd4+ 36. Kg2 Bf6 37. Rc1 Qc5 38. Qf2 Bd4 39. Qe2 Bf6 40. Qf2 Bd4
41. Qe2 Bf6 1/2-1/2